Bulletin on physical education. (Record no. 20266)
[ view plain ]
| 000 -LEADER | |
|---|---|
| fixed length control field | 01276cam a22003011 4500 |
| 001 - CONTROL NUMBER | |
| control field | e 18001158 |
| 003 - CONTROL NUMBER IDENTIFIER | |
| control field | DLC |
| 005 - DATE AND TIME OF LATEST TRANSACTION | |
| control field | 20260227111210.0 |
| 008 - FIXED-LENGTH DATA ELEMENTS--GENERAL INFORMATION | |
| fixed length control field | 890509s1918 inuafg b 000 0 eng c |
| 010 ## - LIBRARY OF CONGRESS CONTROL NUMBER | |
| LC control number | e 18001158 |
| 035 ## - SYSTEM CONTROL NUMBER | |
| System control number | (OCoLC)19680982 |
| 040 ## - CATALOGING SOURCE | |
| Original cataloging agency | U.S. Office of Education. Library |
| Transcribing agency | MsSM |
| Modifying agency | DLC |
| 042 ## - AUTHENTICATION CODE | |
| Authentication code | premarc |
| 050 00 - LIBRARY OF CONGRESS CALL NUMBER | |
| Classification number | GV361 |
| Item number | .I6 1918 |
| 082 ## - DEWEY DECIMAL CLASSIFICATION NUMBER | |
| Classification number | 371.732209772 |
| 110 1# - MAIN ENTRY--CORPORATE NAME | |
| Corporate name or jurisdiction name as entry element | Indiana. |
| Subordinate unit | Department of Public Instruction. |
| 245 10 - TITLE STATEMENT | |
| Title | Bulletin on physical education. |
| Remainder of title | A manual of exercises and related subjects in physical training for the public schools of Indiana. |
| Statement of responsibility, etc. | Prepared by W.A. Ocker ... George E. Schlafer ... W.F. King ... Marjorie Benckart ... Issued by Horace Ellis, State Superintendent of Public Instruction. |
| 260 ## - PUBLICATION, DISTRIBUTION, ETC. | |
| Place of publication, distribution, etc. | [Indianapolis?] |
| Date of publication, distribution, etc. | 1918. |
| 300 ## - PHYSICAL DESCRIPTION | |
| Extent | 326 p. |
| Other physical details | illus. (incl. music) plates (part col.) tables, diagrs. |
| Dimensions | 23 cm. |
| 490 0# - SERIES STATEMENT | |
| Series statement | Bulletin |
| Volume/sequential designation | no. 36 |
| 500 ## - GENERAL NOTE | |
| General note | At head of title: ... Department of Public Instruction. State of Indiana. |
| 504 ## - BIBLIOGRAPHY, ETC. NOTE | |
| Bibliography, etc. note | Bibliography: p. 307-309. |
| 650 #0 - SUBJECT ADDED ENTRY--TOPICAL TERM | |
| Topical term or geographic name entry element | Physical education and training |
| Geographic subdivision | Indiana. |
| 700 1# - ADDED ENTRY--PERSONAL NAME | |
| Personal name | Ocker, W. A. |
| Fuller form of name | (William August), |
| Dates associated with a name | 1870- |
| 700 1# - ADDED ENTRY--PERSONAL NAME | |
| Personal name | Schlafer, George Ezra. |
| 700 1# - ADDED ENTRY--PERSONAL NAME | |
| Personal name | King, William Franklin, |
| Dates associated with a name | 1874- |
| 700 1# - ADDED ENTRY--PERSONAL NAME | |
| Personal name | Benckart, Marjorie. |
No items available.